Карлос Кастанеда. [3]: Второе кольцо силы | Дар Орла (Запись № 11433932)

Подробности
000 -МАРКЕР
контрольное поле 01135nam2a2200241 4500
001 - ИДЕНТИФИКАТОР ЗАПИСИ
контрольное поле RU\NLR\BIBL_A\011103608
005 - ИДЕНТИФИКАТОР ВЕРСИИ
контрольное поле 20250625204439.0
010 ## - МЕЖДУНАРОДНЫЙ СТАНДАРТНЫЙ НОМЕР КНИГИ (ISBN)
Номер (ISBN) 978-5-906749-18-5
Тираж 5000
021 ## - НОМЕР ГОСУДАРСТВЕННОЙ РЕГИСТРАЦИИ
Код страны Российская Федерация
Номер 2016-24797
Номер Листа государственной регистраци 1575
035 ## - ДРУГИЕ СИСТЕМНЫЕ НОМЕРА
Идентификатор записи (NLR Aleph) 011103608
100 ## - ДАННЫЕ ОБЩЕЙ ОБРАБОТКИ
Данные общей обработки 20160418d2016 |||y0rusy50 ca
101 1# - ЯЗЫК РЕСУРСА
Язык текста, звукозаписи и т.д. русский
Язык оригинала английский
102 ## - СТРАНА ПУБЛИКАЦИИ ИЛИ ПРОИЗВОДСТВА
Страна публикации Российская Федерация
105 ## - ПОЛЕ КОДИРОВАННЫХ ДАННЫХ: ТЕКСТОВЫЕ МАТЕРИАЛЫ, МОНОГРАФИЧЕСКИЕ
Кодированные данные о монографическом текстовом документе a|||z|||000zy
200 1# - ЗАГЛАВИЕ И СВЕДЕНИЯ ОБ ОТВЕТСТВЕННОСТИ
Основное заглавие Второе кольцо силы
-- Дар Орла
Первые сведения об ответственности [пер. с англ.: И. Старых]
210 ## - ПУБЛИКАЦИЯ, РАСПРОСТРАНЕНИЕ И ДР.
Дата издания, распространения и т.д. 2016
Место издания, распространения и т.д. Б. м.
215 ## - ФИЗИЧЕСКАЯ ХАРАКТЕРИСТИКА
Специфическое обозначение материала и объем 541 с.
Другие сведения о физической характеристике ил.
461 #0 - УРОВЕНЬ НАБОРА
Встроенное поле 001RU\NLR\BIBL_A\011003696
-- 2001#$aКарлос Кастанеда$e[сборник$fпер. с англ.: М. Добровольский, А. Сидерский$gил.: В. Ерко]$v[3]
-- 700#1$aКастанеда$bК.$f1931-1998$gКарлос$3RU\NLR\AUTH\774816
Системный номер (АБИС) связанной записи 10980994
Автор Кастанеда, К. (1931-1998)
Место публикации Москва
Дата публикации 2016
Первые сведения об ответственности пер. с англ.: М. Добровольский, А. Сидерский
Имя издателя, распространителя и т.д. София
Сведения, относящиеся к заглавию [сборник
Заглавие Карлос Кастанеда
Номер тома [3]
942 ## - ДОПОЛНИТЕЛЬНЫЕ ЭЛЕМЕНТЫ ЗАПИСИ (АБИС)
Тип экземпляра АБИС Книга
980 ## - КОЛЛЕКЦИЯ
Название коллекции Национальная библиография
Экземпляры
Тип экземпляра Дата поступления Источник поступления Стоимость Библиотека постоянного хранения Библиотека текущего хранения Место хранения Шифр хранения Штрих-код Статус экземпляра
Книга 18.04.2016 Обязательный экземпляр 0.00 РНБ (Московский) РНБ (Московский) Русский книжный фонд: издания с 1957 года 2016-3/3161 1-1355263  
Книга 18.04.2016 Обязательный экземпляр 0.00 РНБ (Московский) РНБ (Московский) Обменный фонд   1-1355264